00480 2200193 4500001002100000005001500021008004100036020002200077035001900099041000700118082000800125090001400133100001800147245003900165260003000204300003100234500000600265650001500271INLIS00000000000603120241224113219241224||||||||| | ||| |||| || |  a978-602-8922-30-2 0010-1224006031 aid0 a515 a515 MOH s0 aMohamad Yasin00aSiap Hadapi Ujian Akhir Matematika adepokbMedia Pusidoc2011 aiv,72 hlm ,: ilus .; 21 cm a5 0aMatematika